书目信息 |
| 题名: |
斯坦福大学人文建筑之旅
|
|
| 作者: | 约卡斯 , 纽曼 , 特纳 著 ;侯艳 , 马捷 译 | |
| 分册: | ||
| 出版信息: | 上海 上海交通大学出版社 2010.01 |
|
| 页数: | 185页 | |
| 开本: | 25cm | |
| 丛书名: | 世界著名大学人文建筑之旅 | |
| 单 册: | ||
| 中图分类: | TU244.3 | |
| 科图分类: | ||
| 主题词: | ||
| 电子资源: | ||
| ISBN: | 978-7-313-06065-5 | |
| 000 | 01391nam 2200337 450 | |
| 001 | 012010618488 | |
| 005 | 20100410150605.10 | |
| 010 | @a978-7-313-06065-5@dCNY39.00 | |
| 100 | @a20100406d2010 em y0chiy0120 ea | |
| 101 | 1 | @achi@ceng |
| 102 | @aCN@b310000 | |
| 105 | @aa z 000yy | |
| 106 | @ar | |
| 200 | 1 | @a斯坦福大学人文建筑之旅@Asi tan fu da xue ren wen jian zhu zhi lu@f理查德·约卡斯, 大卫·纽曼, 保罗·特纳著@Fli cha de·yue ka si,da wei·niu man,bao luo·te na zhu@g侯艳, 马捷译@Ghou yan,ma jie yi |
| 210 | @a上海@c上海交通大学出版社@d2010.01 | |
| 215 | @a185页@c图@d25cm | |
| 225 | 2 | @a世界著名大学人文建筑之旅@Ashi jie zhu ming da xue ren wen jian zhu zhi lu |
| 312 | @a英文并列题名取自封面 | |
| 330 | @a本书以历史为主线,讲述了斯坦福大学建筑的设计、建造的故事,以及建筑所反映的美国文化传统、美国的学术生活和斯坦福大学的发展历程与文化底蕴。 | |
| 333 | @a相关读者 | |
| 410 | 0 | @12001 @a世界著名大学人文建筑之旅 |
| 500 | 10 | @aArchitecture & culture of Stanford university@mChinese |
| 601 | 02 | @a斯坦福大学@Asi tan fu da xue@x教育建筑@x简介 |
| 690 | @aTU244.3@v4 | |
| 701 | 1 | @a约卡斯@Ayue ka si@g(Joncas, Richard)@4著 |
| 701 | 1 | @a纽曼@Aniu man@g(Neumann, David)@4著 |
| 701 | 1 | @a特纳@Ate na@g(Turner, Paul V.)@4著 |
| 702 | 0 | @a侯艳@Ahou yan@4译 |
| 702 | 0 | @a马捷@Ama jie@4译 |
| 801 | 0 | @aCN@bQSSK@c20100410 |
| 905 | @b774303-07@dTU244.3@eY944@f5 | |
| 斯坦福大学人文建筑之旅/理查德·约卡斯, 大卫·纽曼, 保罗·特纳著/侯艳, 马捷译.-上海:上海交通大学出版社,2010.01 |
| 185页:图;25cm.-(世界著名大学人文建筑之旅) |
| 使用对象:相关读者 |
| ISBN 978-7-313-06065-5:CNY39.00 |
| 本书以历史为主线,讲述了斯坦福大学建筑的设计、建造的故事,以及建筑所反映的美国文化传统、美国的学术生活和斯坦福大学的发展历程与文化底蕴。 |
| ● |
| 相关链接 |
|
|
|
正题名:斯坦福大学人文建筑之旅
索取号:TU244.3/Y944
 
预约/预借
| 序号 | 登录号 | 条形码 | 馆藏地/架位号 | 状态 | 备注 |
| 1 | 774303 | 207743030 | 建筑库101/101建筑库 104排1列3层/ [索取号:TU244.3/Y944] | 在馆 | |
| 2 | 774304 | 207743049 | 建筑库101/101建筑库 104排1列3层/ [索取号:TU244.3/Y944] | 在馆 | |
| 3 | 774305 | 207743058 | 建筑库101/101建筑库 104排1列3层/ [索取号:TU244.3/Y944] | 在馆 | |
| 4 | 774306 | 207743067 | 建筑与城市规划学院资料室/101建筑库 104排2列3层/ [索取号:TU244.3/Y944] | 在馆 | |
| 5 | 774307 | 207743076 | 建筑库101/101建筑库 104排1列3层/ [索取号:TU244.3/Y944] | 在馆 |